000 00469nam a22001697a 4500
005 20251108164016.0
008 250721s2001 xx 000 0 ara d
082 1 4 _a363.1/خضي
100 1 _aخضير، محمد توفيق
245 1 0 _aمبادىء في الصحة و السلامة العامة /
264 1 _aعمان :
_bدار صفاء،
_c2001.
300 _a327ص.
650 1 7 _aالصحة
650 1 7 _aالإصحاح
942 _2ddc
_cBK
999 _c1312
_d1312